000 00486nam a2200169Ia 4500
003 OSt
005 20200706112033.0
008 190216s9999||||xx |||||||||||||| ||und||
020 _a9788130403137
040 _coclc
082 _a943.086092
_bHIT/M
100 _aHitler, Adolf
_93551
245 0 _aMein Kampf /
_cAdolf Hitler
260 _bPrintline Classic -tinytot,
_c2004.
_aDelhi:
300 _a330p
942 _cBK
_2ddc
_h943.086092
_iHIT/M
_k943.086092
_mHIT/M
999 _c20989
_d20989